Diseno de un horno de lecho fluidizado para la activacion de carbon
שמור ב:
| מחבר ראשי: | |
|---|---|
| פורמט: | Tesis ספר |
| שפה: | Undetermined |
| יצא לאור: |
1998
|
| נושאים: | |
| תגים: |
הוספת תג
אין תגיות, היה/י הראשונ/ה לתייג את הרשומה!
|
MARC
| LEADER | 00000nam a2200000Ia 4500 | ||
|---|---|---|---|
| 001 | 8499 | ||
| 008 | 140114s9999 xx 000 0 und d | ||
| 100 | |a Castillo Ulloa, Jose Ernesto | ||
| 245 | |a Diseno de un horno de lecho fluidizado para la activacion de carbon | ||
| 260 | |c 1998 | ||
| 500 | |a NULL | ||
| 502 | |a Escuela de ingenieria Quimica | ||
| 650 | |z HORNO DE LECHO FLUIDIZADO | ||
| 999 | |c 12486 |d 12486 | ||
